Subestimado impacto social del TLC con EEUU

Պահպանված է:
Մատենագիտական մանրամասներ
Ձևաչափ: Տեքստ
Խորագրեր:
Ցուցիչներ: Ավելացրեք ցուցիչ
Չկան պիտակներ, Եղեք առաջինը, ով նշում է այս գրառումը!

MARC

LEADER 00000 a a2200000 04500
001 6637
003
040
245 |a Subestimado impacto social del TLC con EEUU  
650 |a ACUERDOS INTERNACIONALES  
650 |a NEGOCIACIONES INTERNACIONALES  
650 |a COSTOS SOCIALES  
650 |a TLC  
773 |g volumen 23, número 1037; páginas 9-10  
999 |c 24905  |d 24905